000 00975nam a2200253 a 4500
001 000017022
005 20250621074006.0
008 100315s2010 dr ac 000 0 spa d
020 _a9789993467571
040 _aDO-SdBNP
_bspa
_cBNPHU
082 _a920.72
_bP953d
245 0 0 _aPrimeras damas de República Dominicana /
_ceditor Juan Daniel Balcácer ; edición José Chez Checo.
260 _aSanto Domingo :
_bDespacho de la Primera Dama,
_c2010.
300 _a133 p. :
_bil., retrs. ;
_c24 cm.
650 4 _aMujeres
_xActividad política
_97828
650 4 _aMujeres
_zRepública Dominicana
_vBIOGRAFÍAS
_91939
650 4 _aMujeres
_xHistoria
_zRepública Dominicana
_935979
650 4 _aCónyuges
_zRepública Dominicana
_937575
651 0 _aRepública Dominicana
_xPolítica y gobierno
_945
700 1 _aBalcácer, Juan Daniel,
_d1949-
_eed.
_96566
700 1 _aChez Checo, José,
_d1949-
_eed.
_910145
910 _aValidado. Control de calidad BNPHU
049 _aBNPD
999 _c16549
_d16549